01081 2200181 4500001002100000005001500021035002000036245003200056100001200088250001700100300003200117260003300149082001000182084001600192020001800208650001500226520065800241INLIS00000000000053720240816091304 a0010-08240000551 aBeternak Kelinci /cMashudi0 aMashudi acetakan ke-1 aiv, 64 hlm :bilus ;c21 cm aJakarta :bAzka Press,c2006 a636.9 a636.9 MAS b a978-979-464-3 4aPeternakan apakah kalian tahu, bahwa daging kelinci merupakan sumber protein yang tinggi? Untuk mendapatkan daging kelinci yang baik. kita dapat beternak kelinci. Buku beternak kelinci ini ditulis untuk menambah penge- tahuankalian tentang kelinci. Misalnya, Jenis-jenis kelinci, cara memilih bibit kelinci yang baik, cara membuat kandang kelinci dan lain-lain. Semua yang ingin kalian ketahui tentang kelinci, dibahas dalam buku ini dengan jelas karena disertai gambar dan foto yang menarik. Selain itu, dengan beternak kelinci kalian juga dapat menambah uang saku. Caranya dengan menjual dagingnya di pasar atau menjual anak kelinci di toko binatang peliharaan